| 000 | 00509nam a2200181Ia 4500 | ||
|---|---|---|---|
| 999 |
_c1692 _d1692 |
||
| 003 | OSt | ||
| 005 | 20210121105514.0 | ||
| 008 | 190216s9999||||xx |||||||||||||| ||und|| | ||
| 040 | _coclc | ||
| 082 |
_a579 _bKUM/M |
||
| 100 |
_aKumar, H D _94929 |
||
| 245 | 0 |
_aModern Concepts Of Microbiology / _cH D Kumar ; Swati Kumar |
|
| 250 | _a2nd Ed. | ||
| 260 |
_bVikas Publishing House, _aNew Delhi: _c2002. |
||
| 300 | _a681p | ||
| 650 | _aBotany | ||
| 942 |
_cBK _2ddc _h579 _iKUM/M _k579 _mKUM/M |
||